| 000 | 01249nam a22002537a 4500 | ||
|---|---|---|---|
| 005 | 20170124103002.0 | ||
| 010 | _aA-595029 | ||
| 020 | _c115.00 | ||
| 035 | _aA-595029 | ||
| 037 | _bCen Lib/Ret | ||
| 040 |
_aDPL _bHN |
||
| 082 |
_aउ _bपाण्डेय |
||
| 100 |
_aपाण्डेय, विनोद चन्द्र _954881 |
||
| 245 |
_aरेत, शुन्य, हवा तथा एक भीनी गंध / _cविनोद चन्द्र पाण्डेय |
||
| 246 |
_aRet, shunya, hawa, tatha ek bhini gandh / _bby Vinod Chandra Pandey |
||
| 260 |
_aनई दिल्ली _bसिद्धार्थ पब्लिकेशन्स _c1990 |
||
| 270 |
_a10, डी. एस. आई. डी. सी. स्कीम II, ओखला इंडस्ट्रियल एरिया फेज II _bनई दिल्ली _e110020 |
||
| 300 |
_a166पृ. _c21सेमी (सजिल्द) |
||
| 650 |
_a हिन्दी साहित्य _954882 |
||
| 650 |
_a हिन्दी साहित्य -- उपन्यास _946379 |
||
| 650 |
_aHindi literature _954883 |
||
| 650 |
_aHindi literature -- Fiction _954884 |
||
| 942 |
_2ddc _cHN _hउ _mपाण्डेय |
||
| 999 |
_c114019 _d114019 |
||